000 00200 a2200097 4500
001 30173
100 _aGolding, W
245 _aThe spire
260 _aLondon
_bFaber & Faber
_c
090 _c20116
_d20116
942 _aNUST-CAE
_c
_c11244
999 _c265246
_d265246